000 00848nam a22001577a 4500
999 _c524235
_d524235
008 231106b ||||| |||| 00| 0 eng d
100 _aDalal, Rajbir Singh Dhilon, Sandeep
_945724
245 _aDecentralised governance in India: An evaluation in context of Panchayati Raj Institutions
260 _aIndian Journal of Public Administration
300 _a69(3), Sep, 2023: p.638-650
520 _aThe world’s largest democratic system of governance is a main feature of India. Democracy requires that there should be public participation, transparency and accountability in governance. Governance is a process in which ‘full benefit of democratic . – Reproduced
650 _aDecentralised governance, Panchayati Raj Institutions
_945725
773 _aIndian Journal of Public Administration
906 _aPANCHAYATS
942 _cAR